| 000 | 00672nam a2200193 a 4500 | ||
|---|---|---|---|
| 005 | 20250312063757.0 | ||
| 008 | 081109s1998 mx r 000 0 spa d | ||
| 035 | _aUPN01000165941 | ||
| 049 | _aUNE | ||
| 080 | _a37.014.543 (7/8) "1998" FIN. | ||
| 245 | 0 | 0 | _aFinanciamiento de la educación en América Latina. |
| 260 |
_aSantiago de Chile: OREALC, 1998. _bOREALC, _c1998. |
||
| 300 |
_a267 p.; _bil. |
||
| 690 |
_aFinanciación de la Educación _91620 |
||
| 690 | _aPlanificación y administración de la educación | ||
| 690 | _aAmérica Latina | ||
| 710 | 2 | _aPREAL. Programa de Promoción de la Reforma Educativa en América Latina y el Caribe | |
| 905 | _aUNESCO | ||
| 999 |
_c138053 _d138053 |
||